Score 0/22 Timer 05:00
1 Play Today
Question Answer Wrong Answers
Which of these Presidents is Barack Obama? Barack Obama
96.5%
John Kennedy
0.6%
Which of these Presidents is Dwight Eisenhower? Dwight Eisenhower
95.8%
Gerald Ford
3.7%
Which of these Presidents is Lyndon Johnson? Lyndon Johnson
95.4%
Donald Trump
1.5%
Which of these Presidents is Jimmy Carter? Jimmy Carter
95.1%
Bill Clinton
2.2%
Which of these Presidents is Richard Nixon? Richard Nixon
93.1%
Ronald Reagan
4.2%
Which of these Presidents is William Taft? William Taft
90.5%
Abraham Lincoln
7.2%
Which of these Presidents is George Herbert Walker Bush? George H.W. Bush
90.1%
George W. Bush
7.9%
Which of these Presidents is Theodore Roosevelt? Theodore Roosevelt
88.2%
Franklin Roosevelt
8.8%
Which of these Presidents is William McKinley? William McKinley
84.5%
Harry Truman
12.5%
Which of these Presidents is Andrew Jackson? Andrew Jackson
83.7%
Thomas Jefferson
13.4%
Which of these Presidents is Warren Harding? Warren Harding
73.2%
Herbert Hoover
26.5%
Which of these Presidents is James Madison? James Madison
72.2%
George Washington
27.6%
Which of these Presidents is Calvin Coolidge? Calvin Coolidge
70.6%
Woodrow Wilson
27.5%
Which of these Presidents is William Henry Harrison? William Henry Harrison
69%
John Tyler
29.7%
Which of these Presidents is Franklin Pierce? Franklin Pierce
68.6%
James Monroe
28.3%
Which of these Presidents is James Polk? James Polk
68.3%
Andrew Johnson
29.2%
Which of these Presidents is Chester Arthur? Chester Arthur
62.8%
Grover Cleveland
36.3%
Which of these Presidents is John Quincy Adams? John Quincy Adams
58.3%
John Adams
39.5%
Which of these Presidents is Benjamin Harrison? Benjamin Harrison
55.8%
Ulysses Grant
40.9%
Which of these Presidents is Zachary Taylor? Zachary Taylor
55.6%
Martin Van Buren
41.2%
Which of these Presidents is Millard Fillmore? Millard Fillmore
54.8%
James Buchanan
43.6%
Which of these Presidents is Rutherford Hayes? Rutherford Hayes
54.7%
James Garfield
42.7%
Remove Ads.
Support Sporcle.
Get the best of Sporcle when you Go Orange. This ad-free experience offers more features, more stats, and more fun while also helping to support Sporcle. Thank you for becoming a member.

You're not logged in!

Compare scores with friends on all Sporcle quizzes.
OR
Log In

Show Comments

Extras

Top Quizzes Today


Score Distribution

Your Account Isn't Verified!

In order to create a playlist on Sporcle, you need to verify the email address you used during registration. Go to your Sporcle Settings to finish the process.

Report this User

Report this user for behavior that violates our Community Guidelines.

Details: